[Event "82. Campeonato Argentino Superior Final"]
[Site "Mendoza ARG"]
[Date "2008.05.22"]
[Round "3.1"]
[White "Valerga, Diego"]
[Black "Lemos, Damian"]
[Result "1-0"]
[WhiteElo "2482"]
[BlackElo "2458"]
[PlyCount "75"]
[EventDate "2008.05.20"]
[EventType "tourn"]
[EventRounds "11"]
[EventCountry "ARG"]
[EventCategory "9"]
[Source "lmi"]
[SourceDate "2008.05.20"]

1. e4 e6 2. d4 d5 3. Nc3 Nf6 4. Bg5 Bb4 5. Nge2 dxe4 6. a3 Be7 7. Bxf6 gxf6 8.
Nxe4 b6 9. g3 Bb7 10. Bg2 c6 11. c4 Nd7 12. O-O O-O 13. N4c3 Qc7 14. d5 Ne5 15.
Nd4 Rad8 16. Qh5 f5 17. Rad1 cxd5 18. cxd5 Bf6 19. Rfe1 a6 20. h3 Nc4 21. Ne4
Bg7 22. Ng5 h6 23. dxe6 hxg5 24. e7 Bxg2 25. Qxg5 Rxd4 26. Rxd4 Re8 27. Kxg2
Ne5 28. Rxe5 Qxe5 29. Rd8 Qb5 30. Kg1 Kh7 31. Qh5+ Kg8 32. b4 a5 33. g4 axb4
34. Qxf5 Qc6 35. axb4 Qc1+ 36. Kg2 Qc6+ 37. Qf3 Qa4 38. b5 1-0

[Event "82. Campeonato Argentino Superior Final"]
[Site "Mendoza ARG"]
[Date "2008.05.25"]
[Round "6.4"]
[White "Flores, Diego"]
[Black "Felgaer, Ruben"]
[Result "0-1"]
[WhiteElo "2548"]
[BlackElo "2574"]
[PlyCount "48"]
[EventDate "2008.05.20"]
[EventType "tourn"]
[EventRounds "11"]
[EventCountry "ARG"]
[EventCategory "9"]
[Source "lmi"]
[SourceDate "2008.05.20"]

1. c4 e5 2. e3 Nf6 3. Nc3 Nc6 4. Nf3 Bb4 5. Nd5 e4 6. Ng1 O-O 7. Qc2 Re8 8. Ne2
b5 9. Ng3 Bb7 10. a3 Bd6 11. b3 Ne5 12. Bb2 bxc4 13. bxc4 Nxd5 14. cxd5 Bxd5
15. Nxe4 Rb8 16. Nxd6 cxd6 17. Bc3 Qh4 18. h3 Ng4 19. Qf5 Nxe3 20. dxe3 Rxe3+
21. Kd2 Rxc3 22. Qxd5 Rc5 23. Qd3 Rb2+ 24. Kd1 Qa4+ 0-1

[Event "82. Campeonato Argentino Superior Final"]
[Site "Mendoza ARG"]
[Date "2008.05.27"]
[Round "8.5"]
[White "Mahia, Gustavo"]
[Black "Felgaer, Ruben"]
[Result "0-1"]
[WhiteElo "2433"]
[BlackElo "2574"]
[PlyCount "68"]
[EventDate "2008.05.20"]
[EventType "tourn"]
[EventRounds "11"]
[EventCountry "ARG"]
[EventCategory "9"]
[Source "lmi"]
[SourceDate "2008.05.20"]

1. e4 c5 2. Nf3 e6 3. d4 cxd4 4. Nxd4 a6 5. Nc3 b5 6. Bd3 Qb6 7. Nf3 Qc7 8. O-O
Bb7 9. Re1 Be7 10. e5 f5 11. Bf4 Nh6 12. a4 b4 13. Nb1 Nf7 14. h4 h6 15. Nbd2
Nc6 16. Nc4 O-O 17. a5 g5 18. hxg5 hxg5 19. Bh2 g4 20. Nfd2 Nd4 21. Ne3 Ng5 22.
Nxg4 Qc6 23. Ne3 Rf7 24. f3 Rg7 25. Kf2 Rf8 26. Rg1 Ne4+ 27. Bxe4 fxe4 28. f4
Bh4+ 29. Kf1 Bg3 30. Bxg3 Rxg3 31. Kf2 Rxe3 32. Qg4+ Kf7 33. Kxe3 Nxc2+ 34. Ke2
Qc4+ 0-1

[Event "82. Campeonato Argentino Superior Final"]
[Site "Mendoza ARG"]
[Date "2008.05.28"]
[Round "9.1"]
[White "Luconi, Cristian"]
[Black "Lemos, Damian"]
[Result "0-1"]
[WhiteElo "2306"]
[BlackElo "2458"]
[PlyCount "162"]
[EventDate "2008.05.20"]
[EventType "tourn"]
[EventRounds "11"]
[EventCountry "ARG"]
[EventCategory "9"]
[Source "lmi"]
[SourceDate "2008.05.20"]

1. d4 Nf6 2. Nf3 g6 3. Bg5 Bg7 4. Nbd2 O-O 5. c3 d6 6. e4 c5 7. dxc5 dxc5 8.
Be2 Nc6 9. Qc2 Qc7 10. O-O h6 11. Be3 b6 12. h3 Nh5 13. Rfe1 Nf4 14. Bf1 g5 15.
a4 Bb7 16. Nc4 Rad8 17. Rad1 Ng6 18. Rxd8 Rxd8 19. Rd1 Rxd1 20. Qxd1 Nd8 21.
Nfd2 Ne6 22. f3 h5 23. Bf2 h4 24. Ne3 Nef4 25. Ng4 Nh5 26. Bc4 Bc8 27. Qb3 e6
28. Nf1 Ne5 29. Nxe5 Bxe5 30. Qd1 Qd6 31. Qxd6 Bxd6 32. Be3 Nf4 33. Kf2 Kf8 34.
Bd2 Ke7 35. Ne3 f6 36. Ng4 Ng6 37. Be3 Bf4 38. Bxf4 Nxf4 39. Ne3 Bd7 40. b3 Ng6
41. Ng4 f5 42. exf5 exf5 43. Ne3 Nf4 44. Nd5+ Nxd5 45. Bxd5 Kd6 46. Bc4 Ke5 47.
Ke3 Bc6 48. Bf1 Bb7 49. Be2 Bd5 50. Bd1 g4 51. f4+ Kf6 52. hxg4 fxg4 53. Bxg4
Bxg2 54. b4 a5 55. bxa5 bxa5 56. Bd7 Bd5 57. Kf2 Be6 58. Bc6 Bg4 59. Ke3 Bd1
60. Bd7 Bb3 61. Kf3 Bd1+ 62. Ke3 Ke7 63. Bb5 Kd6 64. Be8 Ke6 65. Bb5 h3 66. Kf2
h2 67. Kg2 Kf5 68. Kxh2 Kxf4 69. Kg2 Ke3 70. Kf1 Kd2 71. c4 Bb3 72. Kf2 Bd1 73.
Kf1 Bf3 74. Kf2 Be2 75. Ba6 Bd3 76. Bb5 Kc3 77. Ke1 Bxc4 78. Kd1 Bb3+ 79. Kc1
Kb4 80. Kb2 Bxa4 81. Bd3 Bb3 0-1

[Event "82. Campeonato Argentino Superior Final"]
[Site "Mendoza ARG"]
[Date "2008.05.30"]
[Round "10.1"]
[White "Lemos, Damian"]
[Black "Real de Azua, Ernesto"]
[Result "1/2-1/2"]
[WhiteElo "2458"]
[BlackElo "2417"]
[PlyCount "49"]
[EventDate "2008.05.20"]
[EventType "tourn"]
[EventRounds "11"]
[EventCountry "ARG"]
[EventCategory "9"]
[Source "lmi"]
[SourceDate "2008.05.20"]

1. g3 d5 2. Bg2 c6 3. Nf3 Bg4 4. O-O Nd7 5. d3 Ngf6 6. c4 e6 7. b3 Bd6 8. Bb2
O-O 9. Nbd2 Re8 10. Qc2 a5 11. a3 Qb8 12. e4 dxe4 13. dxe4 e5 14. h3 Bh5 15.
Nh4 Bc5 16. Bc3 b6 17. Nf5 Bg6 18. b4 Bf8 19. Rfd1 Qc7 20. g4 Red8 21. Nf1 Ne8
22. N1g3 f6 23. Ne3 Bf7 24. Qe2 g6 25. Be1 1/2-1/2

[Event "82. Campeonato Argentino Superior Final"]
[Site "Mendoza ARG"]
[Date "2008.05.30"]
[Round "10.2"]
[White "Flores, Diego"]
[Black "Salguero, Francisco"]
[Result "1-0"]
[WhiteElo "2548"]
[BlackElo "2320"]
[PlyCount "67"]
[EventDate "2008.05.20"]
[EventType "tourn"]
[EventRounds "11"]
[EventCountry "ARG"]
[EventCategory "9"]
[Source "lmi"]
[SourceDate "2008.05.20"]

1. c4 e5 2. Nc3 Nc6 3. g3 g6 4. Bg2 Bg7 5. e3 d6 6. Nge2 h5 7. d4 h4 8. d5 Nce7
9. e4 h3 10. Bf3 f5 11. Bg5 Nf6 12. Qd2 Nd7 13. exf5 gxf5 14. g4 Nc5 15. gxf5
Bxf5 16. Ng3 Bg6 17. Nge4 O-O 18. Qe2 Qd7 19. Nxc5 dxc5 20. Rg1 Nf5 21. Bg4 e4
22. O-O-O Kh8 23. Be3 Bxc3 24. bxc3 b6 25. Bxh3 Qg7 26. Bxf5 Rxf5 27. Kb2 Qf7
28. Qd2 Rf8 29. Rg3 Bh7 30. Rdg1 Rg8 31. Rxg8+ Bxg8 32. Rg4 Rh5 33. Rxe4 Rxh2
34. d6 1-0

[Event "82. Campeonato Argentino Superior Final"]
[Site "Mendoza ARG"]
[Date "2008.05.30"]
[Round "10.3"]
[White "Valerga, Diego"]
[Black "Liascovich, Lucas"]
[Result "1/2-1/2"]
[WhiteElo "2482"]
[BlackElo "2419"]
[PlyCount "61"]
[EventDate "2008.05.20"]
[EventType "tourn"]
[EventRounds "11"]
[EventCountry "ARG"]
[EventCategory "9"]
[Source "lmi"]
[SourceDate "2008.05.20"]

1. e4 d6 2. d4 Nf6 3. Nc3 g6 4. Be3 c6 5. Qd2 b5 6. Bd3 Nbd7 7. h3 e5 8. Nf3
Bb7 9. dxe5 dxe5 10. O-O Bg7 11. a4 a6 12. Ne2 O-O 13. Ng3 Re8 14. c4 bxa4 15.
c5 a5 16. Rxa4 Bf8 17. Rc1 h6 18. Qe2 Qc7 19. Nd2 Rab8 20. Bc4 Nd5 21. exd5
cxd5 22. c6 Qxc6 23. Rxa5 dxc4 24. Nge4 Ba6 25. Rca1 Bb5 26. Nc3 Rec8 27. Nxb5
Rxb5 28. Nxc4 Rxa5 29. Nxa5 Qc2 30. Qb5 Qf5 31. Rd1 1/2-1/2

[Event "82. Campeonato Argentino Superior Final"]
[Site "Mendoza ARG"]
[Date "2008.05.30"]
[Round "10.4"]
[White "Mahia, Gustavo"]
[Black "Alonso, Salvador"]
[Result "1/2-1/2"]
[WhiteElo "2433"]
[BlackElo "2420"]
[PlyCount "69"]
[EventDate "2008.05.20"]
[EventType "tourn"]
[EventRounds "11"]
[EventCountry "ARG"]
[EventCategory "9"]
[Source "lmi"]
[SourceDate "2008.05.20"]

1. d4 d5 2. c4 c6 3. Nc3 Nf6 4. e3 a6 5. Qc2 b5 6. cxd5 cxd5 7. Nf3 e6 8. Bd3
Nbd7 9. O-O Bb7 10. Bd2 Rc8 11. Qb3 Ne4 12. Rfc1 Nxd2 13. Nxd2 Be7 14. a4 b4
15. Ne2 a5 16. Rxc8 Qxc8 17. Rc1 Qb8 18. Qc2 Bd6 19. Nb3 Ke7 20. Nxa5 Bc7 21.
Kf1 Bd6 22. Bb5 Qa7 23. Nxb7 Qxb7 24. Nf4 g6 25. Nd3 Qa7 26. Qb3 Qa5 27. Rc6
Nb8 28. Rc1 Nd7 29. Qc2 Ra8 30. Qd2 Nb6 31. b3 Rc8 32. Rxc8 Nxc8 33. Qc1 Na7
34. Ne5 Qc7 35. Nc6+ 1/2-1/2

[Event "82. Campeonato Argentino Superior Final"]
[Site "Mendoza ARG"]
[Date "2008.05.30"]
[Round "10.6"]
[White "Luconi, Cristian"]
[Black "Felgaer, Ruben"]
[Result "1-0"]
[WhiteElo "2306"]
[BlackElo "2574"]
[PlyCount "123"]
[EventDate "2008.05.20"]
[EventType "tourn"]
[EventRounds "11"]
[EventCountry "ARG"]
[EventCategory "9"]
[Source "lmi"]
[SourceDate "2008.05.20"]

1. d4 Nf6 2. Nf3 c5 3. d5 b5 4. Bg5 Ne4 5. Bh4 Bb7 6. a4 Qa5+ 7. Nbd2 Bxd5 8.
axb5 Qc7 9. c4 Bb7 10. Nxe4 Bxe4 11. Bg3 d6 12. Nd2 Bb7 13. e4 g6 14. Be2 Bg7
15. Qc2 O-O 16. O-O a6 17. h4 Nd7 18. h5 Qb6 19. hxg6 hxg6 20. Ra3 e6 21. Rd1
Ne5 22. f4 Nd7 23. Nf3 axb5 24. f5 Bd4+ 25. Nxd4 cxd4 26. Bf2 Rxa3 27. Bxd4 Qc6
28. bxa3 exf5 29. Qc3 Rc8 30. Qh3 Ne5 31. exf5 Qe4 32. Bf3 Qxf5 33. Qxf5 Nxf3+
34. Qxf3 Bxf3 35. gxf3 Rxc4 36. Kf2 Kf8 37. Bf6 Rc6 38. Rd5 Rb6 39. Bd4 Ra6 40.
Bb2 Rb6 41. Bd4 Ra6 42. Rxb5 Rxa3 43. Bf6 Ke8 44. Rb7 Ra2+ 45. Ke3 Ra3+ 46. Kf4
Ra5 47. Kg4 Rf5 48. Bg5 d5 49. Re7+ Kf8 50. Rd7 Kg8 51. Be3 Kh7 52. Bd4 Kh6 53.
f4 Kh7 54. Be5 Kh6 55. Rd6 d4 56. Bxd4 Rh5 57. Rd8 f5+ 58. Kf3 g5 59. Rh8+ Kg6
60. Rg8+ Kh6 61. fxg5+ Rxg5 62. Be3 1-0

[Event "82. Campeonato Argentino Superior Final"]
[Site "Mendoza ARG"]
[Date "2008.05.31"]
[Round "11.1"]
[White "Felgaer, Ruben"]
[Black "Lemos, Damian"]
[Result "1/2-1/2"]
[WhiteElo "2574"]
[BlackElo "2458"]
[PlyCount "60"]
[EventDate "2008.05.20"]
[EventType "tourn"]
[EventRounds "11"]
[EventCountry "ARG"]
[EventCategory "9"]
[Source "lmi"]
[SourceDate "2008.05.20"]

1. e4 e6 2. d4 d5 3. Nc3 Nf6 4. Bg5 Bb4 5. e5 h6 6. Be3 Ne4 7. Qg4 g5 8. a3 h5
9. Qd1 Nxc3 10. Qd2 Ba5 11. bxc3 c5 12. dxc5 Qc7 13. Bd4 Bd7 14. Nf3 g4 15. Ng5
Nc6 16. Bb5 Nxd4 17. Bxd7+ Qxd7 18. Qxd4 O-O-O 19. O-O-O Qe7 20. h4 gxh3 21.
Nxh3 b6 22. c4 bxc5 23. Qd3 Qb7 24. Nf4 Bc7 25. Qe3 dxc4 26. Rxd8+ Rxd8 27.
Rxh5 Qb5 28. Ne2 Qd7 29. Nc3 Qd4 30. Qf3 Bxe5 1/2-1/2

[Event "82. Campeonato Argentino Superior Final"]
[Site "Mendoza ARG"]
[Date "2008.05.31"]
[Round "11.2"]
[White "Ricardi, Pablo"]
[Black "Luconi, Cristian"]
[Result "1/2-1/2"]
[WhiteElo "2515"]
[BlackElo "2306"]
[PlyCount "82"]
[EventDate "2008.05.20"]
[EventType "tourn"]
[EventRounds "11"]
[EventCountry "ARG"]
[EventCategory "9"]
[Source "lmi"]
[SourceDate "2008.05.20"]

1. e4 c6 2. d4 d5 3. exd5 cxd5 4. c4 Nf6 5. Nc3 Nc6 6. Nf3 Bg4 7. cxd5 Nxd5 8.
Qb3 Bxf3 9. gxf3 e6 10. Qxb7 Nxd4 11. Bb5+ Nxb5 12. Qc6+ Ke7 13. Qxb5 Qd7 14.
Nxd5+ Qxd5 15. Qxd5 exd5 16. Bf4 Ke6 17. O-O-O Rd8 18. Rhe1+ Kf5 19. Be3 Bb4
20. Rg1 g6 21. Bxa7 Rd7 22. Be3 f6 23. Kb1 Rb8 24. Rd3 Ke6 25. Rc1 g5 26. Rc6+
Rd6 27. Rc7 h5 28. Rh7 h4 29. a3 d4 30. Bc1 Be1 31. f4 g4 32. Rxh4 Kf5 33. h3
gxh3 34. Rhxh3 Bxf2 35. Rd1 Re8 36. Kc2 Rc6+ 37. Kd3 Rb8 38. Ke2 Rc2+ 39. Rd2
Rxd2+ 40. Kxd2 Be3+ 41. Rxe3 dxe3+ 1/2-1/2

[Event "82. Campeonato Argentino Superior Final"]
[Site "Mendoza ARG"]
[Date "2008.05.31"]
[Round "11.3"]
[White "Alonso, Salvador"]
[Black "Peralta, Fernando"]
[Result "0-1"]
[WhiteElo "2420"]
[BlackElo "2546"]
[PlyCount "58"]
[EventDate "2008.05.20"]
[EventType "tourn"]
[EventRounds "11"]
[EventCountry "ARG"]
[EventCategory "9"]
[Source "lmi"]
[SourceDate "2008.05.20"]

1. e4 d6 2. d4 Nf6 3. Nc3 g6 4. Bg5 Bg7 5. Qd2 c6 6. f3 b5 7. a4 b4 8. Nd1 a5
9. Bd3 Nbd7 10. Ne2 e5 11. Bh6 Nxe4 12. Bxe4 Qh4+ 13. g3 Qxh6 14. Qxh6 Bxh6 15.
Bxc6 Ra7 16. Kf2 Rc7 17. d5 Ke7 18. c3 Nc5 19. f4 Bg4 20. fxe5 Nd3+ 21. Kf1
Bh3+ 22. Kg1 dxe5 23. cxb4 Nxb4 24. Nec3 Nxc6 25. Nf2 Be3 26. dxc6 Rd8 27. Re1
Bb6 28. Rxe5+ Kf8 29. Rb5 Re7 0-1

[Event "82. Campeonato Argentino Superior Final"]
[Site "Mendoza ARG"]
[Date "2008.05.31"]
[Round "11.5"]
[White "Salguero, Francisco"]
[Black "Valerga, Diego"]
[Result "0-1"]
[WhiteElo "2320"]
[BlackElo "2482"]
[PlyCount "118"]
[EventDate "2008.05.20"]
[EventType "tourn"]
[EventRounds "11"]
[EventCountry "ARG"]
[EventCategory "9"]
[Source "lmi"]
[SourceDate "2008.05.20"]

1. Nf3 Nf6 2. c4 g6 3. Nc3 Bg7 4. e4 d6 5. d4 O-O 6. Be2 e5 7. O-O Nc6 8. Be3
Ng4 9. Bg5 f6 10. Bc1 f5 11. Bg5 Bf6 12. Bxf6 Qxf6 13. d5 Nd8 14. c5 Nf7 15.
Nd2 h5 16. Rc1 Qh4 17. Nf3 Qe7 18. Qd2 dxc5 19. h3 Nf6 20. Nh4 Kh7 21. exf5
Bxf5 22. Nxf5 gxf5 23. b4 cxb4 24. Nb5 Rfc8 25. Qd3 e4 26. Qg3 Nxd5 27. Bc4 Nc3
28. Nxc3 bxc3 29. Bxf7 Qxf7 30. Rxc3 c6 31. Qf4 Rf8 32. f3 Rae8 33. Rb1 Re7 34.
a4 Qf6 35. Rbc1 Qh6 36. Qh4 Rff7 37. Re1 Rg7 38. f4 Qg6 39. Re2 Rd7 40. Rg3
Rd1+ 41. Kh2 Qxg3+ 42. Qxg3 Rh1+ 43. Kxh1 Rxg3 44. Rb2 Rg7 45. a5 Kg6 46. Kg1
Kf6 47. Kf2 Ke6 48. Rc2 Rc7 49. Rc5 b6 50. Re5+ Kf6 51. Re8 bxa5 52. Ke3 c5 53.
Rf8+ Ke6 54. Rh8 a4 55. Rh6+ Kd5 56. Ra6 Rg7 57. Kf2 Kd4 58. Rxa4+ c4 59. Ra6
c3 0-1